Header

Los derechos del habitante : (Registro nro. 15787)

Detalles MARC
000 -LEADER
campo de control de longitud fija 01014nam a2200253Ia 4500
001 - NÚMERO DE CONTROL
campo de control 15787
003 - IDENTIFICADOR DE NÚMERO DE CONTROL
campo de control AR-BaAGN
005 - FECHA Y HORA DE LA ÚLTIMA TRANSACCIÓN
campo de control 20231117141256.0
007 - CAMPO FIJO DE DESCRIPCIÓN FÍSICA--INFORMACIÓN GENERAL
campo de control de longitud fija ta
008 - DATOS DE LONGITUD FIJA--INFORMACIÓN GENERAL
campo de control de longitud fija 211213s1949 ag |||||||||||||| ||spa d
040 ## - FUENTE DE CATALOGACIÓN
Centro/agencia modificador AR-BaAGN
Lengua de catalogación español
Normas de descripción aacr
Centro catalogador/agencia de origen AR-BaAGN
942 ## - ELEMENTOS DE ENTRADA SECUNDARIOS (KOHA)
Tipo de ítem Koha Libro
Suprimir en OPAC No
100 ## - ENTRADA PRINCIPAL--NOMBRE DE PERSONA
Nombre de persona Baldassarre, Pedro B.,
Fechas asociadas al nombre 1890-
ID autoridades 5707
245 10 - MENCIÓN DEL TÍTULO
Título Los derechos del habitante :
Resto del título ante una doctrina económica - política - social universal /
Mención de responsabilidad, etc. por el becario de la Comisión Nacional de Cultura Dr. Pedro B. Baldassarre.
260 ## - PUBLICACIÓN, DISTRIBUCIÓN, ETC.
Lugar de publicación, distribución, etc. Buenos Aires :
Nombre del editor, distribuidor, etc. El Ateneo ,
Fecha de publicación, distribución, etc. 1949.
300 ## - DESCRIPCIÓN FÍSICA
Extensión 483 páginas
336 ## - TIPO DE CONTENIDO
Fuente rdacontent
Código de tipo de contenido texto
337 ## - TIPO DE MEDIO
Fuente rdamedia
Código del tipo de medio no mediado
338 ## - TIPO DE SOPORTE
Fuente rdacarrier
Código del tipo de soporte volumen
500 ## - NOTA GENERAL
Nota general Ejemplar BJDP 1442 edición especial para Juan Domingo Perón autografiado por el autor.
500 ## - NOTA GENERAL
Nota general Ejemplar BJDP 1442 edición especial para María Eva Duarte de Perón dedicado y autografiado por el autor.
500 ## - NOTA GENERAL
Nota general Edición auspiciada y sustentada por la Confederación de Intelectuales.
Existencias
Estado de retiro Estado de pérdida Estado de conservación Biblioteca actual Ubicación en estantería Signatura topográfica completa Código de barras Tipo de ítem Koha Fuente del sistema de clasificación o colocación
      Biblioteca del Archivo General de la Nación Juan Domingo Perón - Biblioteca JDP 1442 JDP-1442 Libro  
      Biblioteca del Archivo General de la Nación Juan Domingo Perón - Biblioteca JDP 1443 JDP-1443 Libro  
      Biblioteca del Archivo General de la Nación Juan Domingo Perón - Biblioteca JDP 1448 JDP-1448 Libro Clasificación Decimal Dewey

Contacto

Dirección: Av. Leandro Alem 246, 3er piso (CABA).
Código postal: C1003AAP
Teléfono: 2206-0013
Correo electrónico: comunicacionagn@mininterior.gob.ar
Sitio Web: www.argentina.gob.ar/interior/archivo-general-de-la-nacion

AGN en las redes sociales

Facebook  /  Twitter  /  Instagram